| 000 | 00529nam a2200157 4500 | ||
|---|---|---|---|
| 008 | 170325b xxu||||| |||| 00| 0 eng d | ||
| 022 | _a1047-3149 | ||
| 082 | _aDPer 658.305 H918 Jul 2014-Mar 2016 v. 59-61 | ||
| 245 | _aHR magazine. | ||
| 246 | _aHuman resource magazine. | ||
| 260 |
_aDuke St., Alexandria: _bSociety for Human Resource Management, _ccJul 2014 Mar 2016. |
||
| 300 |
_avarious paging: _billustrations; _c28 cm. |
||
| 500 | _aHR magazine. | ||
| 650 | 0 |
_919532 _aPersonnel management _vPeriodicals |
|
| 942 |
_2ddc _cPER |
||
| 999 |
_c6453 _d6453 |
||